| 000 | 00493aam a2200205 4500 | ||
|---|---|---|---|
| 005 | 20250522153212.0 | ||
| 008 | 150326b xxu||||| |||| 00| 0 spa d | ||
| 020 | _a9788494543838 | ||
| 041 | _aING | ||
| 082 | _a891.863 K11m | ||
| 100 |
_aKafka, Franz _928167 |
||
| 245 | _aThe metamorphosis | ||
| 260 | _aEspaña | ||
| 260 | _bPlutón Ediciones | ||
| 260 | _c2016 | ||
| 300 | _a121 páginas | ||
| 650 | _aNOVELA CHECOSLOVACA | ||
| 650 | _aLITERATURA CHECOSLOVACA | ||
| 942 |
_cLIT _2ddc |
||
| 999 |
_c9152 _d9152 |
||